Statistics for Greatest '80s Songs

Click here to take the quiz!

General Stats

  • This quiz has been taken 2,239 times
  • The average score is 31 of 100

Answer Stats

# Artist Song % Correct
4A-haTake On Me
86%
2Bon JoviLivin' On A Prayer
82%
7Dexys Midnight RunnersCome on Eileen
69%
3Frankie Goes To HollywoodRelax
67%
5Guns N' RosesSweet Child O' Mine
66%
44TotoAfrica
63%
8Bryan AdamsSummer of '69
60%
26Queen & David BowieUnder Pressure
58%
57EuropeThe Final Countdown
58%
54Bonnie TylerTotal Eclipse of the Heart
56%
23Aerosmith & Run-D.M.C.Walk This Way
56%
62Van HalenJump
55%
69SurvivorEye of the Tiger
55%
77Bruce SpringsteenBorn in the U.S.A.
55%
10The Human LeagueDon't You Want Me
54%
55EurythmicsSweet Dreams (Are Made Of This)
54%
12Simple MindsDon't You (Forget About Me)
51%
71JourneyDon't Stop Believin'
49%
21Spandau BalletTrue
47%
92Men at WorkDown Under
47%
75Billy IdolWhite Wedding
46%
36Dire StraitsMoney for Nothing
46%
17Spandau BalletGold
46%
45The PoliceEvery Breath You Take
46%
22Tears for FearsEverybody Wants to Rule the World
46%
13Duran DuranRio
45%
51Pet Shop BoysWest End Girls
43%
99Kenny LogginsFootloose
42%
11U2With or Without You
41%
42Michael JacksonBeat It
41%
100Nena99 Red Balloons
40%
1UltravoxVienna
39%
48MadnessOur House
38%
6New OrderBlue Monday
38%
87Def LeppardPour Some Sugar On Me
38%
68Guns N' RosesParadise City
38%
84BerlinTake My Breath Away
37%
74George MichaelFaith
36%
33Phil CollinsIn The Air Tonight
35%
35Alice CooperPoison
34%
30David BowieLet's Dance
34%
64WhitesnakeHere I Go Again
33%
86Cutting Crew(I Just) Died In Your Arms
31%
9Joy DivisionLove Will Tear Us Apart
30%
79MadonnaLike a Prayer
30%
46The CarsDrive
29%
63Beastie BoysYou Gotta Fight For Your Right To Party
28%
80PrinceWhen Doves Cry
27%
18QueenRadio Ga Ga
26%
70ForeignerI Want To Know What Love Is
26%
89Bon JoviYou Give Love A Bad Name
25%
60Bruce SpringsteenDancing in the Dark
24%
95The ClashRock the Casbah
23%
61U2Where the Streets Have No Name
23%
32Duran DuranThe Reflex
23%
91Billy JoelWe Didn't Start the Fire
22%
49Frankie Goes To HollywoodTwo Tribes
22%
58U2I Still Haven't Found What I'm Looking For
21%
20The SpecialsGhost Town
21%
53The StranglersGolden Brown
20%
41ABCThe Look Of Love
20%
34Depeche ModePersonal Jesus
19%
19The JamGoing Underground
19%
85Mike + the MechanicsThe Living Years
19%
50Big CountryIn A Big Country
18%
14The JamTown Called Malice
18%
88INXSNeed You Tonight
18%
98Talk TalkIt's My Life
18%
27Depeche ModeJust Can't Get Enough
17%
15The CultShe Sells Sanctuary
17%
43The WaterboysThe Whole Of The Moon
17%
96Kate BushRunning Up That Hill
17%
67Nik KershawWouldn't It Be Good
16%
38Adam and the AntsAntmusic
16%
52MarillionKayleigh
16%
37OMDEnola Gay
16%
16The SmithsHow Soon Is Now?
15%
31BlondieAtomic
15%
24Phil Oakey & Giorgio MoroderTogether in Electric Dreams
15%
29Heaven 17Temptation
15%
39The SmithsThis Charming Man
14%
90YazooOnly You
14%
72Simple MindsAlive and Kicking
14%
73The CureThe Love Cats
13%
59Dire StraitsRomeo & Juliet
13%
78Bronski Beat & Jimmy SomervilleSmalltown Boy
13%
83MadnessIt Must Be Love
12%
93Dexys Midnight RunnersGeno
11%
66Go WestWe Close Our Eyes
11%
82Def LeppardAnimal
11%
81BlackWonderful Life
11%
28David BowieAshes To Ashes
11%
65The ProclaimersI'm Gonna Be (500 Miles)
11%
94RoachfordCuddly Toy
10%
47The Stone RosesFools Gold
10%
76Howard JonesNew Song
9%
40Mighty WahThe Story Of The Blues (Part 1)
8%
25QueenA Kind of Magic
7%
56The SpecialsToo Much Too Young
7%
97Then JericoBig Area
5%

Score Distribution

Percentile by Number Answered

Percent of People with Each Score

Your Score History

You have not taken this quiz